000 00572nam a2200181 i 4500
001 104166
003 ES-MaACL
005 20230906183530.0
007 t|
008 051124s1963 ag ||||1| spa d
100 1 _aMichener, James A.
_980937
245 1 0 _aGranujas en el paraíso /
_cJames A. Michener y A. Grove Day; [traducción de Mariano García].
260 _aBuenos Aires :
_bPlaza & Janés,
_c1963.
300 _a407 p. ;
_c24 cm.
700 1 _aDay, Arthur Grove.
_943017
700 1 _aGarcía Sanz, Mariano.
_9160309
852 _aES-MaACL
_jC-23370
_bR.51921
999 _c104166
_d104166